Understanding japanese society
Αποθηκεύτηκε σε:
| Κύριος συγγραφέας: | |
|---|---|
| Μορφή: | Βιβλίο |
| Γλώσσα: | English |
| Δημοσίευση: |
London :
Routledge,
1987
|
| Θέματα: | |
| Ετικέτες: |
Προσθήκη ετικέτας
Δεν υπάρχουν, Καταχωρήστε ετικέτα πρώτοι!
|
MARC
| LEADER | 00000nam a2200000 i 4500 | ||
|---|---|---|---|
| 001 | 1/5321 | ||
| 008 | 960527s1987 eng d | ||
| 020 | |a 0-415-04531-2 | ||
| 035 | |l 10015963 | ||
| 040 | |a GR-MY-UA |b gre |e aacr | ||
| 041 | 0 | |a eng | |
| 082 | 0 | |a 306.0952 | |
| 100 | 1 | |a Hendry, Joy. | |
| 245 | 1 | 0 | |a Understanding japanese society / |c Joy Hendry |
| 260 | |a London : |b Routledge, |c 1987 | ||
| 300 | |a 217 p. |b ill. | ||
| 504 | |a Includes index | ||
| 651 | 0 | |a Japan |x Social conditions. | |
| 852 | |a INST |b LESVOS |e 19960527 |h 306.0952 HEN |p 005100010154 |q 005100010154 |t BK |y 0 | ||
| 909 | |a Λ |b 022016 | ||